000 01216nam a2200229 a 4500
003 AM-YeHGA
040 _aAM-YeHGA
090 _c496920
001 000722156
005 20250617162636.0
008 100318s1902 ||||| |||||||||||||rus|c
041 0 _arus
245 0 0 _aИстория человечества :
_bВсемирная история /
_cСост. Георг Адлер ; Под ред. Ганса Гельмольта * Проф. К. Вейле ; Пер. М.Е. Лиона.
260 _aС.-Петербург :
_bТип. Т-ва "Просвещение",
_c1902.
300 _aт.
500 _aТ. 5, 6, 8, 9 (доп.) : на обороте тит. л. 1896 г.
505 1 0 _gТ. 1 (1902, 614 с.)
_gТ. 2 (1902, 618, 2 с.)
_gТ. 3 (1903, 733, 4 с.)
_gТ. 3 (1904, 733 с.) (2-е изд., стереотипа)
_gТ. 4 (1903, 577, 7 с.)
_gТ. 5 ([1896], 612, 2 с.)
_gТ. 6 ([1904], 612, 2 с.)
_gТ. 6 ([1896], 742 с.)
_gТ. 7, ч. 1 ([1904], 575 с.)
_gТ. 8, ч. 2 ([1896], 773, 2 с.)
_gТ. 9 (доп.) ([1896], 516, 4 с.)
650 1 4 _aИстория
700 1 _aАдлер, Георг
_eсост.
_4com
700 1 _aГельмольт, Ганс
_eред.
_4edt
942 _2udc
_cBK
999 _c493534
_d493534